00704nam a22002057a 450000500170000001000140001702000260003102000230005703500130008003700130009308200110010610000250011724500410014226000390018327000760022230000220029894200250032099900170034595201360036220100804122817.0 aENG-98234 a9788190827096c150.00 a819082709Xc150.00 aEN-81767 bDBAD/PUB a574.88 a Ravikumar, C.96562 aMolecular biology /cby C. Ravikumar a Erode bGenius Publicationsc2008 aT/235, Indumathi Complex, Bhavani Main Road, bMoolapattarai, Erode e3 a112p.c21cm (pbk) 2ddccENh574.88mRAV c39185d39185 001040718NFICaDBADbDBADd2010-08-04eDBAD/PUBg150.00l0o574.88 CRApEN-81767r2010-08-04 00:00:00t1v150.00w2010-08-04yEN